000 00386nam a2200169Ia 4500
005 20250423101632.0
008 250422s9999 xx 000 0 und d
020 _a0-8385-0227-X
100 _aMARK SCHULTZ
245 0 _aUSEMLE STEP 3
260 _aCanada
260 _bAPPLETION
_LANGE
260 _c1990
300 _a252 p
650 _aCataloging inpublication
942 _cBK
999 _c36823
_d36823